[Event "G H D Gossip the worst ever great master Memorial"]
[Site "SchemingMind.com"]
[Date "2013.05.13"]
[Round "-"]
[White "NimbleKnight"]
[Black "Derek Price"]
[Result "0-1"]
[WhiteCountry "USA"]
[BlackCountry "ENG"]
[WhiteElo "1898"]
[WhiteRD "70"]
[BlackElo "2356"]
[BlackRD "81"]
[GameID "331602"]

1. e4 c5 2. Nf3 d6 3. d4 cxd4 4. Nxd4 Nf6 5. Nc3 a6 6. Be3 e6 7. Qd2 b5 8. f3 Nbd7 9. g4 Nb6 10. Qf2 Nfd7
11. O-O-O Bb7 12. a3 Rc8 13. Qe1 Ne5 14. Kb1 Nec4 15. Bxc4 Nxc4 16. Bc1 Be7 17. Rd3 O-O 18. f4 Re8 19. h4= Qb6 20. h5 Bf6
21. Qd1 Bxd4 22. Rxd4 Nxa3+ 23. bxa3 Rxc3 24. Rxd6 Qc5 25. Re1 Rxc2 26. Qxc2 Qxd6 27. e5 Qd5 28. g5 Rc8 29. Qf2 Qd3+ 30. Ka1 Rxc1+
31. Rxc1 Qxa3+ 32. Kb1 Be4+ 33. Rc2 Qb3+ 34. Kc1 Qxc2+ 35. Qxc2 Bxc2 36. Kxc2 f6 37. gxf6 gxf6 38. h6 fxe5 39. fxe5 a5 40. Kb3 Kf7
41. Kc3 b4+ 42. Kb3 Kg6 43. Ka4 Kf5 44. Kb3 Kxe5 45. Ka4 Kd4 46. Kb3 Kd3 47. Kb2 a4 48. Kc1 a3
0-1

[Event "G H D Gossip the worst ever great master Memorial"]
[Site "SchemingMind.com"]
[Date "2013.05.12"]
[Round "-"]
[White "emvarela"]
[Black "Derek Price"]
[Result "0-1"]
[WhiteCountry "ARG"]
[BlackCountry "ENG"]
[WhiteElo "1731"]
[WhiteRD "49"]
[BlackElo "2333"]
[BlackRD "79"]
[GameID "331603"]

1. e4 c5 2. Nf3 d6 3. d4 cxd4 4. Nxd4 Nf6 5. Nc3 a6 6. Bg5 e6 7. f4 Be7 8. Qf3 h6 9. Bh4 Qc7 10. O-O-O Nbd7
11. Bd3 g5 12. fxg5 Ne5 13. Qg3 Rg8 14. Qe3 Nfg4 15. Qe2 hxg5 16. Bg3 Bd7 17. Bxe5 Nxe5 18. h3 O-O-O 19. Nb3 Qb6 20. Rhf1 g4
21. hxg4 Rg7 22. Nd2 Nxg4 23. Nf3 Ne3 24. Rf2 Nxd1 25. Nxd1 Rh8 26. b3 Rh1 27. e5 dxe5 28. Nxe5 Qd4 29. Nxd7 Qa1+ 30. Kd2 Bb4+
31. Ke3 Kxd7 32. Rf1 Qe5+ 33. Be4 Rg3+ 34. Rf3 Qc5+ 35. Kd3 Qd6+ 36. Ke3 Bc5#
0-1

[Event "G H D Gossip the worst ever great master Memorial"]
[Site "SchemingMind.com"]
[Date "2013.05.08"]
[Round "-"]
[White "Scooter"]
[Black "Derek Price"]
[Result "0-1"]
[WhiteCountry "USA"]
[BlackCountry "ENG"]
[WhiteElo "1748"]
[WhiteRD "50"]
[BlackElo "2259"]
[BlackRD "78"]
[GameID "331604"]

1. d4 d5 2. Nf3 Nf6 3. Bf4 c5 4. c3 Nc6 5. e3 Qb6 6. Qb3 c4 7. Qxb6 axb6 8. Be2 Bf5 9. Nbd2 e6 10. O-O Be7
11. h3 h6 12. b4 Ra3 13. Rfc1 b5 14. Ne5 O-O 15. Bg4 Nxg4 16. Nxg4 Rfa8
0-1

[Event "G H D Gossip the worst ever great master Memorial"]
[Site "SchemingMind.com"]
[Date "2013.05.09"]
[Round "-"]
[White "kenneth m day"]
[Black "Derek Price"]
[Result "0-1"]
[WhiteCountry "USA"]
[BlackCountry "ENG"]
[WhiteElo "1770"]
[WhiteRD "52"]
[BlackElo "2333"]
[BlackRD "79"]
[GameID "331605"]

1. e4 c5 2. d4 cxd4 3. c3 Nf6 4. e5 Nd5 5. Nf3 Nc6 6. Bc4 Nb6 7. Bb3 d5 8. cxd4 Bg4 9. Be3 e6 10. Nbd2 Be7
11. O-O Rc8 12. h3 Bf5 13. Rc1 O-O 14. Bc2 Bxc2 15. Rxc2 Qd7 16. Ng5 Bxg5 17. Bxg5 Nxd4 18. Rxc8 Rxc8 19. Nf3 Nxf3+ 20. Qxf3 Qa4
21. a3 Qd4 22. Qe2 Nc4 23. Rb1 Qxe5 24. Qxe5 Nxe5 25. Bf4 Nd3 26. Be3 b6 27. Bd4 Rc4 28. Be3 f5 29. b3 Rc2 30. Rd1 Rc3
31. Rb1 e5 32. a4 f4 33. Bd2 Rc2 34. Rd1 Nb2 35. Rc1 Rxd2 36. Rc8+ Kf7 37. Rc7+ Kf6 38. Rxa7 Rd1+ 39. Kh2 e4 40. Ra6 Nd3
41. Rxb6+ Ke5 42. Rb7 Nxf2
0-1

[Event "G H D Gossip the worst ever great master Memorial"]
[Site "SchemingMind.com"]
[Date "2013.05.08"]
[Round "-"]
[White "edk523"]
[Black "Derek Price"]
[Result "0-1"]
[WhiteCountry "USA"]
[BlackCountry "ENG"]
[WhiteElo "1623"]
[WhiteRD "104"]
[BlackElo "2289"]
[BlackRD "84"]
[GameID "331606"]

1. e4 c5 2. Nf3 d6 3. d4 cxd4 4. Nxd4 Nf6 5. Nc3 a6 6. f4 Qc7 7. Bd3 e6 8. O-O Nbd7 9. Re1 Be7 10. Qe2 O-O
11. e5 dxe5 12. fxe5 Bc5 13. Be3 Nxe5 14. Ne4 Nxe4 15. Bxe4 f5 16. Bf3 Bd6 17. Rad1 Nf7 18. Nb3 Bxh2+ 19. Kf1 Nd6 20. Qd2 Ne4
21. Bxe4 fxe4+ 22. Ke2 Qc4+ 23. Qd3 exd3+ 24. Rxd3 Bg3 25. Rd1 e5 26. Na5 Qxc2+ 27. Bd2 Rf2+ 28. Ke1 Qxd3
0-1

[Event "G H D Gossip the worst ever great master Memorial"]
[Site "SchemingMind.com"]
[Date "2013.05.09"]
[Round "-"]
[White "Archon"]
[Black "NimbleKnight"]
[Result "1/2-1/2"]
[WhiteCountry "CAN"]
[BlackCountry "USA"]
[WhiteElo "1694"]
[WhiteRD "57"]
[BlackElo "1892"]
[BlackRD "70"]
[GameID "331663"]

1. d4 Nf6 2. Nd2 d5 3. e3 Bf5 4. c3 e6 5. Ngf3 c5 6. Be2 Nc6 7. Nf1 h6 8. Ng3 Bh7 9. Bd3 Qc7 10. Bxh7 Nxh7
11. O-O Nf6 12. Re1 Bd6 13. Qc2 O-O 14. b3 Rfe8 15. Bb2 e5 16. Nf5 exd4 17. Nxd6 Qxd6 18. cxd4 cxd4 19. Nxd4 Rac8 20. Nxc6 bxc6
21. Bxf6 Qxf6 22. Rad1 Qe5 23. Qd2 Red8 24. Qd4 Qxd4 25. exd4 Kf8 26. Rc1 Rd6 27. Rc5 Rb8 28. Rec1 Rb6 29. Kf1 Ke7 30. R1c3 Kd7
31. a3 Re6 32. b4 a6 33. Rc2 Re4 34. Rd2 Kd6 35. f3 Re6 36. Re2 Rxe2 37. Kxe2 Rb8=
1/2-1/2

[Event "G H D Gossip the worst ever great master Memorial"]
[Site "SchemingMind.com"]
[Date "2013.05.10"]
[Round "-"]
[White "Archon"]
[Black "Derek Price"]
[Result "0-1"]
[WhiteCountry "CAN"]
[BlackCountry "ENG"]
[WhiteElo "1675"]
[WhiteRD "53"]
[BlackElo "2259"]
[BlackRD "78"]
[GameID "331664"]

1. d4 d5 2. e3 Nf6 3. Nf3 e6 4. Nbd2 c5 5. c3 Nbd7 6. Bd3 Qc7 7. O-O Be7 8. Re1 O-O 9. e4 dxe4 10. Nxe4 b6
11. Bg5 Bb7 12. Bxf6 Nxf6 13. dxc5 bxc5 14. Nxf6+ Bxf6 15. Be4 Rfd8 16. Qc2 Bxe4 17. Qxe4 Rab8 18. Rad1 Rxb2 19. Ne5 g6 20. g3 Rxd1
0-1

[Event "G H D Gossip the worst ever great master Memorial"]
[Site "SchemingMind.com"]
[Date "2013.05.12"]
[Round "-"]
[White "Archon"]
[Black "emvarela"]
[Result "1-0"]
[WhiteCountry "CAN"]
[BlackCountry "ARG"]
[WhiteElo "1694"]
[WhiteRD "57"]
[BlackElo "1761"]
[BlackRD "48"]
[GameID "331665"]

1. d4 Nf6 2. Nd2 d5 3. Ngf3 e6 4. e3 c5 5. c3 Nc6 6. Bd3 Bd6 7. O-O O-O 8. Re1 e5 9. dxe5 Nxe5 10. Bc2 Bg4
11. h3 Nxf3+ 12. Nxf3 Bxf3 13. Qxf3 Qe7 14. Bd2 Ne4 15. Rad1 Nxd2 16. Rxd2 d4 17. cxd4 b6 18. dxc5 Bxc5 19. Red1 Rad8 20. a3 a5
21. Qe4 Rxd2 22. Qxh7#
1-0

[Event "G H D Gossip the worst ever great master Memorial"]
[Site "SchemingMind.com"]
[Date "2013.05.09"]
[Round "-"]
[White "Archon"]
[Black "Scooter"]
[Result "0-1"]
[WhiteCountry "CAN"]
[BlackCountry "USA"]
[WhiteElo "1675"]
[WhiteRD "53"]
[BlackElo "1748"]
[BlackRD "50"]
[GameID "331666"]

1. d4 Nf6 2. Nd2 g6 3. e4 e6 4. Bd3 Bg7 5. c3 O-O 6. Ngf3 b6 7. O-O Bb7 8. Re1 d5 9. e5 Nfd7 10. Nf1 c5
11. Ng3 c4 12. Bc2 Nc6 13. Bg5 f6 14. exf6 Bxf6 15. Bxf6 Rxf6 16. h4 Qf8 17. h5 Ne7 18. hxg6 Nxg6 19. Qd2 Re8 20. Nh5 Rxf3
21. gxf3 Qxf3 22. Qh6 Qg4+ 23. Kf1 Qh3+ 24. Kg1 Qg4+ 25. Kf1 Qh3+ 26. Ke2 Qxh5+ 27. Qxh5 Nf4+ 28. Kd2 Nxh5 29. Rh1 Ndf6 30. Rag1+ Ng7
31. Rh6 Kf7 32. Bxh7 Nxh7 33. Rxh7 Rg8 34. f4 a5 35. Ke2 b5 36. Rg5 b4 37. f5 exf5 38. Rxf5+ Kg6
0-1

[Event "G H D Gossip the worst ever great master Memorial"]
[Site "SchemingMind.com"]
[Date "2013.05.09"]
[Round "-"]
[White "Archon"]
[Black "kenneth m day"]
[Result "0-1"]
[WhiteCountry "CAN"]
[BlackCountry "USA"]
[WhiteElo "1654"]
[WhiteRD "54"]
[BlackElo "1791"]
[BlackRD "48"]
[GameID "331667"]

1. d4 Nf6 2. Nd2 d5 3. e3 Bf5 4. c3 c6 5. Ngf3 Nbd7 6. Be2 e6 7. O-O h6 8. Re1 Bd6 9. Nf1 Qc7 10. Ng3 Bh7
11. Bd3 O-O-O 12. b4 g5 13. a4 g4 14. Nh4 Be7 15. Qc2 Bxd3 16. Qxd3 Nh7
0-1

[Event "G H D Gossip the worst ever great master Memorial"]
[Site "SchemingMind.com"]
[Date "2013.05.09"]
[Round "-"]
[White "Archon"]
[Black "edk523"]
[Result "1-0"]
[WhiteCountry "CAN"]
[BlackCountry "USA"]
[WhiteElo "1654"]
[WhiteRD "54"]
[BlackElo "1605"]
[BlackRD "128"]
[GameID "331668"]

1. d4 d5 2. e3 Nf6 3. Nf3 e6 4. Bd3 Nc6 5. c3 Bd6 6. O-O O-O 7. Nbd2 Re8 8. Re1 a6 9. e4 dxe4 10. Nxe4 Rb8
11. Nfg5 h6 12. Nxf6+ Qxf6 13. Nh7 Qe7 14. Qh5 Qd8 15. Bxh6 gxh6 16. Qxh6 Be7 17. Re3 Bd6 18. Nf6+ Qxf6 19. Qxf6 Kf8 20. Rh3 Be5
21. Rh8#
1-0

[Event "G H D Gossip the worst ever great master Memorial"]
[Site "SchemingMind.com"]
[Date "2013.05.14"]
[Round "-"]
[White "NimbleKnight"]
[Black "Archon"]
[Result "1-0"]
[WhiteCountry "USA"]
[BlackCountry "CAN"]
[WhiteElo "1892"]
[WhiteRD "70"]
[BlackElo "1694"]
[BlackRD "57"]
[GameID "331669"]

1. e4 d6 2. d4 Nf6 3. Nc3 g6 4. Nf3 Bg7 5. Be2 O-O 6. O-O Bg4 7. Be3 Nc6 8. d5 Nb8 9. h3 Bxf3 10. Bxf3 c6
11. a4 cxd5 12. exd5 Nbd7 13. a5 Nc5 14. Bxc5 dxc5 15. Re1 b6 16. d6 Qxd6 17. Qxd6 exd6 18. Bxa8 Rxa8 19. axb6 Nd7 20. b7 Rb8
21. Rxa7 Bxc3 22. bxc3 Nb6 23. Rb1 Nd7 24. Ra8 Kf8 25. Rxb8+ Nxb8 26. Ra1 Ke7 27. Ra8 Nc6 28. b8=Q
1-0

[Event "G H D Gossip the worst ever great master Memorial"]
[Site "SchemingMind.com"]
[Date "2013.05.10"]
[Round "-"]
[White "Derek Price"]
[Black "Archon"]
[Result "1-0"]
[WhiteCountry "ENG"]
[BlackCountry "CAN"]
[WhiteElo "2269"]
[WhiteRD "82"]
[BlackElo "1654"]
[BlackRD "54"]
[GameID "331670"]

1. d4 d5 2. c4 dxc4 3. Nf3 Nf6 4. e3 Bg4 5. Bxc4 e6 6. h3 Bxf3 7. Qxf3 Qc8 8. O-O Be7 9. Nc3 Nbd7 10. e4 O-O
11. e5 Ne8 12. Re1 Nb6 13. Bd3 g6 14. Be3 Ng7 15. g4 f6 16. Qg2 fxe5 17. dxe5 c6 18. Red1 Nd5 19. Nxd5 cxd5 20. Rac1 Qd7
21. f4 a6 22. f5 exf5 23. Bc4 Kh8 24. Qxd5 Qxd5 25. Bxd5 fxg4 26. hxg4 Rab8 27. Rc7 Bh4 28. Bh6
1-0

[Event "G H D Gossip the worst ever great master Memorial"]
[Site "SchemingMind.com"]
[Date "2013.05.12"]
[Round "-"]
[White "emvarela"]
[Black "Archon"]
[Result "1-0"]
[WhiteCountry "ARG"]
[BlackCountry "CAN"]
[WhiteElo "1731"]
[WhiteRD "49"]
[BlackElo "1680"]
[BlackRD "60"]
[GameID "331671"]

1. e4 d5 2. exd5 Qxd5 3. Nc3 Qa5 4. d4 Nf6 5. Nf3 c6 6. Bc4 Bf5 7. Bd2 e6 8. Qe2 Bb4 9. O-O-O O-O 10. Nb1 Bxd2+
11. Qxd2 Qxd2+ 12. Nbxd2 Nbd7 13. c3 Nd5 14. Bxd5 cxd5 15. h3 h6 16. g4 Bh7 17. Ne5 Nxe5 18. dxe5 Rac8 19. f4 Bd3 20. Nb3 Ba6
21. Nd4 Rfd8 22. Rh2 b5 23. Rc2 b4 24. cxb4 Rxc2+ 25. Kxc2 Rc8+ 26. Kb3 Bc4+ 27. Ka3 a5 28. b3 axb4+ 29. Kxb4 Rb8+ 30. Ka3 Ba6
31. f5 Ra8 32. Kb2 Bc8 33. fxe6 Bxe6 34. Nxe6 fxe6 35. Rd4 Rf8 36. Kc3 Rf3+ 37. Rd3 Rf2 38. a4 Kf8 39. a5 Ke7 40. Kb4 Kd7
41. Kb5 Kc7 42. a6 Ra2 43. Rc3+ Kd7 44. Kb6
1-0

[Event "G H D Gossip the worst ever great master Memorial"]
[Site "SchemingMind.com"]
[Date "2013.05.10"]
[Round "-"]
[White "Scooter"]
[Black "Archon"]
[Result "1-0"]
[WhiteCountry "USA"]
[BlackCountry "CAN"]
[WhiteElo "1748"]
[WhiteRD "50"]
[BlackElo "1675"]
[BlackRD "53"]
[GameID "331672"]

1. d4 d5 2. Nf3 c5 3. e3 Nc6 4. c3 e6 5. Bb5 a6 6. Bxc6+ bxc6 7. O-O Nf6 8. Nbd2 Be7 9. Ne5 Bd7 10. Ndf3 Rb8
11. Qa4 cxd4 12. Nxd4 c5 13. Nxd7 Qxd7 14. Qxd7+ Nxd7 15. Nc6 Bd6 16. Nxb8 Bxb8 17. b3 Be5 18. Bd2 Ke7 19. Rab1 Rb8 20. g4 h6
21. h4 g5 22. f4 gxf4 23. exf4 Bg7 24. Rfe1 Rb6 25. g5 hxg5 26. fxg5 Ne5 27. Kg2 Nd3 28. Rf1 Ne5 29. h5 Bh8 30. Kg3 Kf8
31. Bf4 a5 32. Rbd1 c4 33. Be3 Rb7 34. Bd4 Kg8 35. bxc4 Nxc4 36. Rb1 Rxb1 37. Rxb1 Bxd4 38. cxd4 Kg7 39. h6+ Kh7 40. Rb7 Nd6
41. Ra7
1-0

[Event "G H D Gossip the worst ever great master Memorial"]
[Site "SchemingMind.com"]
[Date "2013.05.10"]
[Round "-"]
[White "kenneth m day"]
[Black "Archon"]
[Result "1-0"]
[WhiteCountry "USA"]
[BlackCountry "CAN"]
[WhiteElo "1791"]
[WhiteRD "48"]
[BlackElo "1654"]
[BlackRD "54"]
[GameID "331673"]

1. e4 d5 2. exd5 Qxd5 3. Nc3 Qa5 4. d4 Nf6 5. Nf3 c6 6. Bc4 Bf5 7. Bd2 Qc7 8. Ne5 e6 9. Bf4 Bd6 10. Qe2 O-O
11. O-O-O Nbd7 12. h3 b5 13. Bb3 Nd5 14. g4 Bxe5 15. Bxe5 Bg6 16. Bxc7
1-0

[Event "G H D Gossip the worst ever great master Memorial"]
[Site "SchemingMind.com"]
[Date "2013.05.10"]
[Round "-"]
[White "edk523"]
[Black "Archon"]
[Result "0-1"]
[WhiteCountry "USA"]
[BlackCountry "CAN"]
[WhiteElo "1623"]
[WhiteRD "104"]
[BlackElo "1694"]
[BlackRD "57"]
[GameID "331674"]

1. e4 d5 2. exd5 Qxd5 3. Nc3 Qa5 4. d4 Nf6 5. Nf3 c6 6. Be2 e6 7. Bd2 Qc7 8. O-O Nbd7 9. Re1 Be7 10. Bd3 O-O
11. Bg5 b5 12. Ne4 Bb7 13. c4 a6 14. a3 Rfe8 15. c5 h6 16. Bh4 Nxe4 17. Bxe7 Nxf2 18. Kxf2 Rxe7 19. Ne5 Nxe5 20. Rxe5 Ree8
21. Qe2 Rad8 22. Qe4 f5 23. Qe2 Bc8 24. Bxf5 Qf7 25. Re1 Kf8 26. Kg1 exf5 27. Rxe8+ Rxe8 28. Qxe8+ Qxe8 29. Rxe8+ Kxe8 30. Kf2 f4
31. Kf3 g5 32. g3 fxg3 33. hxg3 h5 34. b4 Ke7 35. Ke4 Kf6 36. d5 Bb7 37. dxc6 Bxc6+ 38. Ke3 Kf5 39. Kf2 Kg4
0-1

[Event "G H D Gossip the worst ever great master Memorial"]
[Site "SchemingMind.com"]
[Date "2013.05.14"]
[Round "-"]
[White "The Stonewall"]
[Black "Derek Price"]
[Result "1/2-1/2"]
[WhiteCountry "ENG"]
[BlackCountry "ENG"]
[WhiteElo "2344"]
[WhiteRD "93"]
[BlackElo "2333"]
[BlackRD "79"]
[GameID "331679"]

1. c4 Nf6 2. g3 e5 3. Bg2 d5 4. cxd5 Nxd5 5. Nf3 Nc6 6. O-O Nb6 7. d3 Be7 8. Nbd2 O-O 9. a3 a5 10. b3 Be6
11. Bb2 f6 12. Qc2 Rf7 13. Rfd1 Bf8 14. e3 Rd7 15. d4 exd4 16. Bxd4 Qe8 17. Bb2 Rad8 18. Ne4 Rxd1+ 19. Rxd1 Rxd1+ 20. Qxd1 Qf7
21. Nfd2 Qd7 22. Bxf6 Bxa3 23. Qa1 Bb4 24. Bc3 Bxc3 25. Qxc3 Nd5 26. Qc1 b6 27. Ng5 Ndb4 28. Bf1 Kh8 29. Nxe6 Qxe6 30. e4 h6
31. f4 Qd7 32. Qc3 Nd4 33. e5 c5 34. Qe3 Qc6 35. Bg2 Qe6 36. Qe4 Nbc6 37. Qd5 Qxd5 38. Bxd5 Nb4 39. Be4 b5 40. Kf2 Kg8
41. Bg2 Kf8 42. Bf1 Ke7 43. Ne4 a4 44. bxa4 bxa4 45. Bc4 a3 46. Nxc5 a2 47. Bxa2 Nxa2 48. Ke3 Nc6 49. Kd3 Kf7 50. Kc4 Nc1
51. Kd5 Ne7+ 52. Kd6 Ke8 53. g4 Ne2 54. f5 Nc3 55. h3 Nb5+ 56. Ke6 Nd4+ 57. Kd6 Nc8+ 58. Kd5 Nf3 59. Ne6 Kf7 60. Nd8+ Ke7
61. Nc6+=
1/2-1/2

[Event "G H D Gossip the worst ever great master Memorial"]
[Site "SchemingMind.com"]
[Date "2013.05.14"]
[Round "-"]
[White "The Stonewall"]
[Black "Archon"]
[Result "1-0"]
[WhiteCountry "ENG"]
[BlackCountry "CAN"]
[WhiteElo "2324"]
[WhiteRD "90"]
[BlackElo "1675"]
[BlackRD "53"]
[GameID "331680"]

1. c4 d6 2. g3 e5 3. Bg2 Nc6 4. Nc3 Nf6 5. d3 Be7 6. e4 Bg4 7. f3 Be6 8. Nge2 O-O 9. Nd5 Nd4 10. Nxe7+ Qxe7
11. Nxd4 exd4 12. O-O Nd7 13. f4 f5 14. exf5 Bxf5 15. Bxb7 Rab8 16. Bd5+ Kh8 17. g4 Be6 18. Re1 Nc5 19. Bxe6 Nxe6 20. f5
1-0

[Event "G H D Gossip the worst ever great master Memorial"]
[Site "SchemingMind.com"]
[Date "2013.05.14"]
[Round "-"]
[White "The Stonewall"]
[Black "emvarela"]
[Result "1-0"]
[WhiteCountry "ENG"]
[BlackCountry "ARG"]
[WhiteElo "2342"]
[WhiteRD "95"]
[BlackElo "1761"]
[BlackRD "48"]
[GameID "331681"]

1. d4 Nf6 2. Bg5 Ne4 3. Bf4 c5 4. f3 Qa5+ 5. c3 Nf6 6. Nd2 cxd4 7. Nb3 Qb6 8. Qxd4 Nc6 9. Qxb6 axb6 10. Be3 b5
11. Bd2 e6 12. e4 d5 13. exd5 Nxd5 14. Bxb5 Bd7 15. Nh3 Be7 16. Nf4 Nxf4 17. Bxf4 e5 18. Bxc6 exf4 19. Bxb7 Ra7 20. Bd5 O-O
21. Kf2 Ba4 22. Rhe1 Bxb3 23. Bxb3 Bc5+ 24. Kf1 Rd8 25. Rad1 Rad7 26. Rxd7 Rxd7 27. Re8+ Bf8 28. Ke2 g5 29. Re4 Bc5 30. Re5
1-0

[Event "G H D Gossip the worst ever great master Memorial"]
[Site "SchemingMind.com"]
[Date "2013.05.14"]
[Round "-"]
[White "The Stonewall"]
[Black "Scooter"]
[Result "1-0"]
[WhiteCountry "ENG"]
[BlackCountry "USA"]
[WhiteElo "2324"]
[WhiteRD "90"]
[BlackElo "1748"]
[BlackRD "50"]
[GameID "331682"]

1. c4 Nf6 2. d4 g6 3. Nc3 Bg7 4. e4 d6 5. f3 O-O 6. Be3 e5 7. Nge2 c6 8. Qd2 Nbd7 9. d5 cxd5 10. cxd5 a6
11. g4 b5 12. Ng3 Kh8 13. h4 Ng8 14. h5 Nb6 15. g5 f5 16. hxg6
1-0

[Event "G H D Gossip the worst ever great master Memorial"]
[Site "SchemingMind.com"]
[Date "2013.05.14"]
[Round "-"]
[White "The Stonewall"]
[Black "kenneth m day"]
[Result "1-0"]
[WhiteCountry "ENG"]
[BlackCountry "USA"]
[WhiteElo "2342"]
[WhiteRD "95"]
[BlackElo "1768"]
[BlackRD "51"]
[GameID "331683"]

1. d4 Nf6 2. Bg5 e6 3. e4 h6 4. Bxf6 Qxf6 5. c3 d6 6. Bd3 g6 7. Ne2 Bg7 8. O-O Bd7 9. f4 Nc6 10. Nd2 O-O-O
11. b4 e5 12. b5 Ne7 13. fxe5 Qe6 14. Bc4 d5 15. exd5 Nxd5 16. Nf4 Nxc3 17. Nxe6 Nxd1 18. Nxd8 Ne3 19. Rxf7 Nxc4 20. Nxc4 Bf8
21. Nxb7 Be6 22. Rxf8+ Rxf8 23. Nba5 Bd5 24. Rf1 Rd8 25. Rf6 Be4 26. Nc6 Bxc6 27. bxc6 Rxd4 28. Rf8+ Rd8 29. Rxd8+ Kxd8 30. Kf2 Ke7
31. Ke3 Ke6 32. Ke4 a6 33. Na5 Ke7 34. Kd5 g5 35. Nb7 h5 36. Nc5 a5 37. Ne6
1-0

[Event "G H D Gossip the worst ever great master Memorial"]
[Site "SchemingMind.com"]
[Date "2013.05.13"]
[Round "-"]
[White "The Stonewall"]
[Black "edk523"]
[Result "1-0"]
[WhiteCountry "ENG"]
[BlackCountry "USA"]
[WhiteElo "2333"]
[WhiteRD "92"]
[BlackElo "1605"]
[BlackRD "128"]
[GameID "331684"]

1. d4 d5 2. Bg5 Nc6 3. e3 g6 4. c4 Bg7 5. Nc3 Nf6 6. Bxf6 Bxf6 7. cxd5 Nb4 8. Qa4+ c6 9. Qxb4 O-O 10. dxc6 bxc6
11. Nf3 Bg4 12. Be2 Qb6 13. Qa3 Rfb8 14. b3 Qb4 15. Qxb4 Rxb4 16. Ne4 Bg7 17. Rc1 Rc8 18. Kd2 e5 19. Nxe5 Bxe2 20. Nxc6 Bf8
21. Ne7+ Bxe7 22. Rxc8+ Kg7 23. Kxe2
1-0

[Event "G H D Gossip the worst ever great master Memorial"]
[Site "SchemingMind.com"]
[Date "2013.05.14"]
[Round "-"]
[White "NimbleKnight"]
[Black "The Stonewall"]
[Result "0-1"]
[WhiteCountry "USA"]
[BlackCountry "ENG"]
[WhiteElo "1900"]
[WhiteRD "70"]
[BlackElo "2344"]
[BlackRD "93"]
[GameID "331685"]

1. e4 Nc6 2. d4 d5 3. e5 f6 4. Nf3 Bg4 5. Bb5 fxe5 6. dxe5 e6 7. Nc3 Qd7 8. h3 Bxf3 9. Qxf3 Nge7 10. O-O a6
11. Bxc6 Nxc6 12. Bf4 Qf7 13. Rac1 g5 14. Bh2 Qxf3 15. gxf3 Bg7 16. Rfe1 O-O 17. Kg2 Nd4 18. Re3 Nf5 19. Re2 Nh4+ 20. Kf1 Nxf3
21. Kg2 Rf5 22. Rd1 Raf8 23. Rf1 Nh4+ 24. Kg1 Rf3 25. Bg3 Nf5 26. Rfe1 Nxg3 27. fxg3 Rxg3+ 28. Kh2 Rff3 29. Nxd5 Rxh3+ 30. Kg2 exd5
31. e6 Bd4 32. e7 Rfg3+ 33. Kf1 Rh1#
0-1

[Event "G H D Gossip the worst ever great master Memorial"]
[Site "SchemingMind.com"]
[Date "2013.05.14"]
[Round "-"]
[White "Derek Price"]
[Black "The Stonewall"]
[Result "1/2-1/2"]
[WhiteCountry "ENG"]
[BlackCountry "ENG"]
[WhiteElo "2333"]
[WhiteRD "79"]
[BlackElo "2344"]
[BlackRD "93"]
[GameID "331686"]

1. d4 Nf6 2. c4 d6 3. Nf3 g6 4. g3 Bg7 5. Bg2 O-O 6. O-O c6 7. Nc3 Bf5 8. Ne1 e5 9. d5 cxd5 10. cxd5 Na6
11. e4 Bd7 12. Nd3 b5 13. a3 Qb8 14. b4 Rc8 15. Bd2 Rc4 16. Rc1 Qb6 17. Nb2 Rc7 18. h3 Rac8 19. Be3 Qb7 20. Qd2 Nh5
21. Ne2 f5 22. Rxc7 Nxc7 23. exf5 gxf5 24. Nd1 Nf6 25. Ndc3 Qa6 26. Ra1 Rf8 27. Ra2 Qb7 28. Bh6 Be8 29. Rc2 Bxh6 30. Qxh6 Bg6
31. Rc1 Qa6 32. Ra1= Rf7 33. Qd2 Qb7 34. Rc1 Rg7 35. Kh2 a6 36. Qh6 Qa7 37. Rf1 a5 38. Qg5 Kf7 39. Qd2 axb4 40. axb4 Kg8
41. f4 e4 42. Nd4 h5 43. Rd1 Qb6 44. Ra1 h4 45. gxh4 Kh8 46. Rg1 Bh7 47. Bf1 Rxg1 48. Kxg1 Ncxd5 49. Nxd5 Nxd5=
1/2-1/2

[Event "G H D Gossip the worst ever great master Memorial"]
[Site "SchemingMind.com"]
[Date "2013.05.14"]
[Round "-"]
[White "Archon"]
[Black "The Stonewall"]
[Result "0-1"]
[WhiteCountry "CAN"]
[BlackCountry "ENG"]
[WhiteElo "1654"]
[WhiteRD "54"]
[BlackElo "2333"]
[BlackRD "92"]
[GameID "331687"]

1. d4 e6 2. Nf3 f5 3. Bf4 Nf6 4. e3 b6 5. Bd3 Bb7 6. O-O Be7 7. Nbd2 O-O 8. c4 Nh5 9. Bg3 Nxg3 10. hxg3 d6
11. Qc2 g6 12. e4 Nd7 13. Rae1 Bf6 14. d5 fxe4 15. Nxe4 exd5 16. Nxf6+ Qxf6 17. cxd5 Bxd5 18. Bc4 Bf7 19. Bxf7+ Rxf7 20. Qc4 Rf8
21. Re2 c5 22. a4 Ne5 23. Nxe5 dxe5 24. Re4 Rd8 25. Qe2 Rd5 26. Re1 Qd6 27. Rxe5 Rd2 28. Re8+ Kg7 29. Qe5+ Qxe5 30. R1xe5 Rfxf2
31. R8e7+ Kh6 32. Re4 Rxg2+ 33. Kf1 Rdf2+ 34. Ke1 Rxb2 35. Kf1 Rh2 36. Kg1 Rbg2+ 37. Kf1 Ra2 38. Kg1 Rhc2 39. Rh4+ Kg5 40. Rhe4 Rc1+
41. Re1 Rxe1+
0-1

[Event "G H D Gossip the worst ever great master Memorial"]
[Site "SchemingMind.com"]
[Date "2013.05.14"]
[Round "-"]
[White "emvarela"]
[Black "The Stonewall"]
[Result "0-1"]
[WhiteCountry "ARG"]
[BlackCountry "ENG"]
[WhiteElo "1761"]
[WhiteRD "48"]
[BlackElo "2342"]
[BlackRD "95"]
[GameID "331688"]

1. e4 c5 2. Nf3 a6 3. d4 cxd4 4. Nxd4 Nf6 5. Nc3 e5 6. Nb3 Bb4 7. Bd2 O-O 8. a3 Bxc3 9. Bxc3 Nxe4 10. Qd3 Nxc3
11. Qxc3 Nc6 12. Bd3 d5 13. O-O-O d4 14. Qd2 Be6 15. Nc5 Qd5 16. Nxe6 Qxe6 17. f4 e4 18. Rhe1 Qa2 19. c3 Na5
0-1

[Event "G H D Gossip the worst ever great master Memorial"]
[Site "SchemingMind.com"]
[Date "2013.05.14"]
[Round "-"]
[White "Scooter"]
[Black "The Stonewall"]
[Result "0-1"]
[WhiteCountry "USA"]
[BlackCountry "ENG"]
[WhiteElo "1748"]
[WhiteRD "50"]
[BlackElo "2324"]
[BlackRD "90"]
[GameID "331689"]

1. d4 c5 2. e3 cxd4 3. exd4 d5 4. Nf3 Nf6 5. Bf4 Nc6 6. c3 a6 7. Be2 Bg4 8. O-O e6 9. Nbd2 Bd6 10. Bxd6 Qxd6
11. h3 Bh5 12. Ng5 Bg6 13. Re1 O-O 14. Ngf3 h6 15. Nb3 b6 16. Bd3 Bxd3 17. Qxd3 Rfc8 18. Nbd2 Nd7 19. Nh2 b5 20. Ng4 b4
21. Qg3 Qxg3 22. fxg3 bxc3 23. bxc3 Na7 24. Rac1 Nb5 25. Nb1 Nb6 26. Ne3 Na4 27. c4 dxc4 28. Rxc4 Rxc4 29. Nxc4 Rd8 30. Ne5 Nxd4
31. Na3 Nc3 32. Nac4 Nxa2 33. Ra1 Nb4 34. Ra4 Ndc2
0-1